000 00882nam a2200253Ia 4500
003 OSt
005 20220923215528.0
006 a|||||r|||| 00| 0
007 ta
008 220922b |||||||| |||| 00| 0 hin d
024 _a179,510
037 _cTextual
040 _aARTS
_cARTS
_bhin
041 _2hin
_ahin
082 _aO152,1M96:g, M8
100 _aश्रीवास्तव, विनोदिनी
245 0 _aनिराला साहित्य मंे जीवन दर्शन
246 _aNirālā sāhitya hine jīvan darshana
260 _aलखनऊ
_b सुलभ प्रकाशन
_c1988
300 _a377 पृ.
_ccm.
650 _aहिन्दी साहित्य
_9156264
942 _hO152,1M96:g, M8
_cTEXL
_2CC
999 _c332891
_d332891